000 01295nab a22002537a 4500
999 _c6535
_d6535
003 OSt
005 20260223112009.0
008 190506c xxu||||| |||| 00| 0 spa d
040 _cPJ
100 _96774
_aHenriques, María Roxana
245 1 0 _a¿Acuerdo rescisorio o fraude a la ley laboral? /
_cMaría Roxana Henriques.
260 _aBuenos Aires :
_bAbeledoPerrot,
_c2024.
300 _ap. 17-28
500 _aCita: TR LALEY AR/DOC/206/2024.
505 _aSumario: I. Introducción.— II. El acuerdo de extinción.— III. El art. 15 de la LCT.— IV. Conclusión, son supuestos diferentes.— V. El fraude.— VI. El precedente "Ocampo".— VII. La desigualdad negocial y el desprecio al sistema tuitivo.— VIII. Propuesta de reforma de la norma.— IX. Conclusión y reflexión final.— X. Referencias bibliográficas.
505 _t¿Te interesa el texto completo? Comunicate al correo: koha@justierradelfuego.gov.ar
650 0 _91316
_aDERECHO LABORAL
650 0 _96170
_aFRAUDE LABORAL
650 0 _94428
_aRELACIÓN DE DEPENDENCIA
650 0 _96564
_aRESPONSABILIDAD DEL EMPLEADOR
650 0 _91323
_aCONTRATO DE TRABAJO
773 0 _02751
_93202
_dBuenos Aires : AbeledoPerrot, 2013-
_tRevista de derecho laboral y seguridad social. Nº 6 - Marzo 2024
942 _2udc
_cANA